Wszystkie Kluby Piłkarskie Z Krakowa - Statystyki

Ogólne statystyki
  • Ten quiz został rozwiązany 277 razy
  • Średni wynik to 4 z 5
Statystyki odpowiedzi
Liga Drużyna % Poprawnych
Ekstraklasa Wisła Kraków
100%
Ekstraklasa Cracovia
98%
3.Liga Hutnik Kraków
77%
2.Liga Garbarnia Kraków
72%
4.Liga Clepardia Kraków
7%
Nie znaleziono quizów pasujących do podanych kryteriów
Rozkład punktacji
Procent ludzi z każdym wynikiem
Percentyl według liczby udzielonych odpowiedzi
Twoja historia wyników
Nie rozwiązałeś tego quizu